00369nam a22001457a 450000500170000000800060001702000180002304000140004108200160005510000200007124500480009125000160013926000380015530000300019320240124111219.0 eng  a9781928395249 a3228cRDA aZUL JF DEWE aMarizaan de wet aIpikiniki E- ZoocMarizaan de wethIsizulu a1st edition aSouth AfricabJoel M Dipalec2019 a27 pagesbPicturesc21 CM